Al margen del cable : crónicas publicadas en El Nacional, México, 1937-1941 /
Al margen del cable es una compilación de crónicas de Roberto Arlt, escritas entre julio de 1937 y diciembre de 1941 para El Mundo, pero que con atraso de un mes eran publicadas después en El Nacional, diario mexicano fundado en 1929 por el Partido Revolucionario Institucional (PRI) y que ya para en...
Na minha lista:
| Autor principal: | |
|---|---|
| Outros Autores: | |
| Formato: | Livro |
| Idioma: | espanhol |
| Publicado em: |
Buenos Aires, Argentina :
Losada,
2003, c2003
|
| Colecção: | (La Pajarita de Papel)
|
| Assuntos: | |
| Tags: |
Sem tags, seja o primeiro a adicionar uma tag!
|
MARC
| LEADER | 00000nam^a2200000^a^4500 | ||
|---|---|---|---|
| 001 | 000154184 | ||
| 005 | 20250521000000.0 | ||
| 009 | 20260310100344.07 | ||
| 020 | |a 950-03-9237-2 | ||
| 037 | |a Acervo ITESO - Biblioteca | ||
| 041 | |a ESP | ||
| 082 | |a 863. |b ARL | ||
| 100 | |a Arlt, Roberto |e (autor) | ||
| 245 | 1 | 0 | |a Al margen del cable : |b crónicas publicadas en El Nacional, México, 1937-1941 / |c R. Arlt ; comp., introd. y notas de R. Corral. |
| 264 | 4 | |a Buenos Aires, Argentina : |b Losada, |c 2003, c2003 | |
| 300 | |a 269 p. | ||
| 336 | |a texto |b txt |2 rdacontenido | ||
| 337 | |a sin mediación |b n |2 rdamedio | ||
| 338 | |a volumen |b nc |2 rdasoporte | ||
| 440 | 4 | |a (La Pajarita de Papel) | |
| 520 | |a Al margen del cable es una compilación de crónicas de Roberto Arlt, escritas entre julio de 1937 y diciembre de 1941 para El Mundo, pero que con atraso de un mes eran publicadas después en El Nacional, diario mexicano fundado en 1929 por el Partido Revolucionario Institucional (PRI) y que ya para entonces había asumido el papel de periódico oficial del gobierno. Estas crónicas de Arlt, la mayor parte de ellas procedentes de su columna Al margen del cable, son recreaciones literarias de noticias internacionales, de los cables escuetos e informativos que suelen llegar a las redacciones de los periódicos. | ||
| 545 | 0 | |a Roberto Arlt, escritor argentino nacido en 1900, inició su obra con la aparición de El juguete rabioso (1926) y posteriormente empezó a colaborar en publicaciones bonaerenses. Amigo de Ricardo Güiraldes, Arlt presenta en los albores de la década de 1930 la novela Los lanzallamas y a ella le sigue Los siete locos (1931). Publica en 1933 una serie de crónicas tituladas Aguafuertes porteñas, aparecidas en el diario El Mundo, y el volumen de cuentos El jorobadito. A partir de ese momento se dedica con intensidad a la dramaturgia (La isla desierta, 1938) y muere tempranamente en 1942. | |
| 649 | |a XX | ||
| 650 | |a Crónicas Argentinas | ||
| 650 | |a Literatura y Periodismo - |z Argentina | ||
| 650 | |a Literatura Argentina - |y Siglo XX | ||
| 650 | |a Guerra Mundial (Segunda), 1939-1945 - |x Historia | ||
| 700 | |a Corral, Rose |e (compilación) | ||
| 910 | |a Fondo General | ||
| 920 | |a Impresos - Libros | ||
| 930 | |a Colección General | ||
| 940 | |a Literatura | ||
| 905 | |a 101 | ||
| 901 | |a 0500086603 |b IT1 |c LIT |u 20250521 | ||
| 902 | |a https://opac.biblio.iteso.mx/vufind/Record/000154184 | ||